كتاب الطروحات والابصاليات
محفوظ في:
المؤلف الرئيسي:
مؤلفون آخرون:
التنسيق: كتاب
اللغة: Undetermined
منشور في:
Al-Qāhirah
Matbaeat al-shams
1920
الوسوم: إضافة وسم
لا توجد وسوم, كن أول من يضع وسما على هذه التسجيلة!
رقم الطلب: O30 TROU
| LEADER | 00469nam a2200133Ia 4500 | ||
|---|---|---|---|
| 008 | 240404s9999||||xx |||||||||||||| ||und|| | ||
| 050 | 4 | |a O30 TROU | |
| 100 | 1 | |a الانبا كيرلس الخامس. | |
| 245 | 1 | 0 | |a كتاب الطروحات والابصاليات |c الانبا كيرلس الخامس |
| 264 | 1 | |a Al-Qāhirah |b Matbaeat al-shams |c 1920 | |
| 300 | |a 151 |c 25 | ||
| 700 | 1 | |a باخوم البرموسى، الشماس عريان فرج. | |
| 942 | |2 lcc |c BK | ||
| 999 | |c 58074 |d 58074 | ||
